La nación cubana y Estados Unidos : un estudio del discurso periodístico : 1906-1921 /
A partir del análisis de dos periódicos cubanos que circulaban en el período señalado en el título, la autora estudia las conflictivas relaciones que mantuvo Cuba con Estados Unidos en las dos primeras décadas posteriores a su independencia. La conflictividad derivaba de la amenaza de una nueva inte...
保存先:
| 第一著者: | |
|---|---|
| フォーマット: | 図書 |
| 言語: | スペイン語 |
| 出版事項: |
México :
El Colegio de México : Universidad Autónoma Metropolitana Iztapalapa,
2002, c2002
|
| シリーズ: | (Estudios de Lingüística y Literatura ;
45) |
| 主題: | |
| タグ: |
タグなし, このレコードへの初めてのタグを付けませんか!
|
MARC
| LEADER | 00000nam^a2200000^a^4500 | ||
|---|---|---|---|
| 001 | 000153492 | ||
| 005 | 20250521000000.0 | ||
| 009 | 20260310100319.553 | ||
| 020 | |a 968-12-1059-X | ||
| 037 | |a Acervo ITESO - Biblioteca | ||
| 041 | |a ESP | ||
| 082 | |a 327. 7291073 |b FON | ||
| 100 | |a Fonte, Irene |e (autor) | ||
| 245 | 1 | 3 | |a La nación cubana y Estados Unidos : |b un estudio del discurso periodístico : 1906-1921 / |c I. Fonte. |
| 264 | 4 | |a México : |b El Colegio de México : |b Universidad Autónoma Metropolitana Iztapalapa, |c 2002, c2002 | |
| 300 | |a 276 p. + |e 1 disco compacto de computadora | ||
| 336 | |a texto |b txt |2 rdacontenido | ||
| 337 | |a sin mediación |b n |2 rdamedio | ||
| 338 | |a volumen |b nc |2 rdasoporte | ||
| 440 | 1 | |a (Estudios de Lingüística y Literatura ; |v 45) | |
| 520 | |a A partir del análisis de dos periódicos cubanos que circulaban en el período señalado en el título, la autora estudia las conflictivas relaciones que mantuvo Cuba con Estados Unidos en las dos primeras décadas posteriores a su independencia. La conflictividad derivaba de la amenaza de una nueva intervención norteamericana, dado que por los acuerdos firmados al terminar la guerra independentista, Estados Unidos ocupó Cuba durante cuatro años. | ||
| 649 | |a XX | ||
| 650 | |a Análisis del Discurso | ||
| 650 | |a Semiótica y Comunicación | ||
| 650 | |a Lingüística | ||
| 650 | |a Prensa - |z Cuba - |x Historia - |y 1898-1953 | ||
| 650 | |a Medios de Comunicación - |z Cuba - |x Historia - |y 1898-1953 | ||
| 650 | |a Comunicación y Política - |z Cuba - |x Historia - |y 1898-1953 | ||
| 650 | |a Comunicación Masiva - |z Cuba - |x Historia - |y 1898-1953 | ||
| 650 | |a Sociología de la Comunicación | ||
| 650 | |a Sociología Política | ||
| 650 | |a Relaciones Internacionales - |z Cuba-EUA | ||
| 650 | |a Imperialismo - |z EUA | ||
| 650 | |a Discurso Político - |z Cuba | ||
| 650 | |a Oposición Política - |z Cuba | ||
| 650 | |a Política - |z EUA - |x Historia - |y 1901-1919 | ||
| 650 | |a Política - |z EUA - |x Historia - |y Siglo XX | ||
| 650 | |a Política - |z Cuba - |x Historia - |y 1898-1953 | ||
| 650 | |a Política - |z Cuba - |x Historia - |y Siglo XX | ||
| 650 | |a EUA - |x Condiciones Políticas | ||
| 650 | |a Cuba - |x Condiciones Políticas | ||
| 910 | |a Fondo General | ||
| 920 | |a Impresos - Libros | ||
| 930 | |a Colección General | ||
| 905 | |a 101 | ||
| 901 | |a 0500082177 |b IT1 |c ACC |u 20250521 | ||
| 901 | |a SFW0000968 |b IT2 |c SWS |u 20250521 | ||
| 902 | |a https://opac.biblio.iteso.mx/vufind/Record/000153492 | ||